000 00440nam a22001577a 4500
999 _c7938
_d7938
003 OSt
005 20200609163810.0
008 200609b ||||| |||| 00| 0 eng d
020 _a9781138978447
082 _a621.312
_bGAI
100 _aGaiddon, Bruno
110 _aKaan, Henk; Munro, Donna
245 _aPhotovoltaics in the urban environment : lessons learnt from large-scale projects
260 _aLondon
_bRoutledge
_c2009
942 _2ddc